000 nam a22 4500
999 _c29216
_d29216
008 171122b xxu||||| |||| 00| 0 eng d
020 _a8176220671
050 _aS 249 .S76 2007
100 _aBrown, Harry Bates
245 _aCotton :
_bhistory species varieties morphology breeding culture diseases marketing and use /
260 _aNew Delhi :
_bBiotech Books,
_c2007.
300 _axiii, 592p. :
_bill. ;
_c22 cm.
500 _aIncludes bibliographical references and index.
650 _aCotton.
650 _aCotton growing.
650 _aCotton
_vVarieties.
650 _aAgriculture.
942 _2lcc
_cBOOKS
_hS 249 .S76 2007